00397nam a2200133Ia 4500008004100000024001400041082001700055100002000072245006900092260002600161600002100187650003800208999001700246260210s9999 xx 000 0 und d a11B-86-BS a005.1072 MUH aMuhammad Farooq 0aContinuing Professional Development (CDP Automation) (code book) aKarachi:bUITU,c2011 aComputer Science aBachelor of Computer Science (BS) c32170d32170